| 000 | 01424 a2200229 4500 | ||
|---|---|---|---|
| 003 | Nust | ||
| 005 | 20221118183128.0 | ||
| 010 | _a 97065787 | ||
| 020 | _a0790611856 (v. 6) | ||
| 040 | _cNust | ||
| 082 | 0 | 0 | _a621.381,CAR |
| 100 | 1 |
_aCarr, Joseph J. _926343 |
|
| 245 | 1 | 0 |
_aElectronic circuit guidebook volume 6 / _cJoseph J. Carr. _bOscillators |
| 260 |
_aIndianapolis, IN : _bPrompt Publications, _cc1997-<c1999 > |
||
| 300 |
_a240p _bill. ; _c24 cm. |
||
| 505 | 1 | _aIntroduction (Page-1), Relaxation Oscillators (Page-5), Feedback Oscillators (Page-15), Resonant Tuned RF Circuits (Page-19), RC Timing Networks (Page-47), The Effects of RLC Circuits on Electronic Waveforms (Page-53), Monostable and Astable Multivibrator Circutis (Page-65), Electronic Integrators and Differentiators (Page-87), Triangle and sawtooth Waveform Generators (Page-99), Sine Wave Audio Oscillators (Page-111), Voltage Controlled Oscillators (Page-125), LC H. F. Variables-Frequency Oscillators (Page-135), The 555 Integrated Circuit Timer Device (Page-151),Crystal Oscillators (Pge-175),Tactics to Improve Oscillator Accuracy and Stability (Page-203), Electronics Workbench Skills (Page-215). | |
| 650 | 0 |
_aDetectors. _9399 |
|
| 650 | 0 |
_aElectronic instruments _xDesign and construction. _9103109 |
|
| 650 | 0 |
_aInterface circuits _xDesign and construction. _9103110 |
|
| 650 | 0 |
_aLinear integrated circuits. _955531 |
|
| 942 |
_2ddc _cBK |
||
| 999 |
_c178604 _d178604 |
||